Giấc mơ tháng bảy : Tập thơ

Đã lưu trong:
Sonraí Bibleagrafaíochta
Príomhúdar: Đoàn, Lư
Formáid: Leabhar
Teanga:Undetermined
Foilsithe: Hà Nội Hội nhà văn 2020
Ábhair:
Clibeanna: Cuir Clib Leis
Gan Chlibeanna, Bí ar an gcéad duine leis an taifead seo a chlibeáil!
Thư viện lưu trữ: Trung tâm Học liệu Trường Đại học Cần Thơ
LEADER 00530nam a2200193Ia 4500
001 CTU_240214
008 210402s9999 xx 000 0 und d
082 |a 895.9221008 
082 |b L550 
100 |a Đoàn, Lư 
245 0 |a Giấc mơ tháng bảy : 
245 0 |b Tập thơ 
245 0 |c Đoàn Lư 
260 |a Hà Nội 
260 |b Hội nhà văn 
260 |c 2020 
650 |a Vietnamese poetry,Thơ Việt Nam 
910 |b nthai 
980 |a Trung tâm Học liệu Trường Đại học Cần Thơ